000 00667nam a2200253Ia 4500
003 OSt
005 20220924114351.0
006 a|||||r|||| 00| 0
007 ta
008 220923b |||||||| |||| 00| 0 ara d
020 _c100.00
024 _a335361
037 _cTextual
040 _aARTS
_cARTS
_bara
041 _2ara
_aara
082 _aO28wk, L2
100 _aAl-Baidi Mehdi Shakir Au.
_9173194
245 0 _aFi-Rajab-al-kalmata
260 _aBaghdad
_bMaktaba Iraq
_c1972
300 _a320p.
_ccm.
650 _aARABIC LITERATURE
942 _hO28wk, L2
_cTEXL
_2CC
999 _c393219
_d393219